00387 2200157 4500001002100000005001500021035002000036245004600056100001700102250001700119300002800136260002700164082001000191084001600201650001200217INLIS00000000000065020240827100711 a0010-08240001681 aKancil Melawan Raja Rimba /cAhmad Filyan0 aAhmad Filyan acetakan ke-1 a32 hlm :bIlus ;c22 cm aSurabaya :bSerba Jaya a398.2 a398.2 AHM k 4aDongeng